000 00461nam a22001697a 4500
005 20260413180156.0
008 260413b |||||||| |||| 00| 0 eng d
020 _a9789697834747
040 _cPK-LaNCA
082 _a320.5509-
_bAMA
100 _aAmar Sohal
245 _aThe Muslim secular: parity and the politics of India's Partition
260 _aFolio Books
_bLahore
_c2025
300 _axiii, 328p
650 _aIndia - Political history
942 _cBK
999 _c67217
_d67217